Library Banner

Soch ki quwwat = سوچ کی قوت / (Record no. 114915)

MARC details
000 -LEADER
fixed length control field 00495nam a22001457a 4500
005 - DATE AND TIME OF LATEST TRANSACTION
control field 20191203111737.0
008 - FIXED-LENGTH DATA ELEMENTS--GENERAL INFORMATION
fixed length control field 191203b ||||| |||| 00| 0 eng d
040 ## - CATALOGING SOURCE
Transcribing agency PK-LaUMT
082 ## - DEWEY DECIMAL CLASSIFICATION NUMBER
Classification number 158.1
Item number CAN-S
100 ## - MAIN ENTRY--PERSONAL NAME
Personal name Canfield, Jack = کین فیلڈ، جیک
245 ## - TITLE STATEMENT
Title Soch ki quwwat = سوچ کی قوت /
Statement of responsibility, etc by Jack Canfield; translated by Amjad Mahmood = جیک کینفیلڈ ؛ مترجم امجد محمود
260 ## - PUBLICATION, DISTRIBUTION, ETC. (IMPRINT)
Place of publication, distribution, etc Lahore :
Name of publisher, distributor, etc Book Home,
Date of publication, distribution, etc 2018
300 ## - PHYSICAL DESCRIPTION
Extent 248 p.
942 ## - ADDED ENTRY ELEMENTS (KOHA)
Koha item type Books
Holdings
Withdrawn status Lost status Damaged status Home library Current library Date acquired Full call number Barcode Date last seen Price effective from Koha item type
      UMT Main Campus UMT Main Campus 2019-12-03 158.1 CAN-S 131262 2025-02-01 2019-12-03 Books